000 00957nam0a2200277 4500
001 RU\NLR\BIBL_A\011267998
005 20260406140846.0
010 _a978-5-389-09616-5
_92000
021 _aRU
_b2016-81507
_95321
035 _a(NLR Aleph) 011267998
090 _a10805969
_c10805969
100 _a20161111d2016 |||y0rusy50 ca
101 1 _arus
_ceng
102 _aRU
105 _ay z 000ay
200 1 _aЗатерянный мир
_eроман
_fАртур Конан Дойл
_g[пер. с англ. Н. Волжиной]
210 _aСанкт-Петербург
_cАзбука
_cАзбука-Аттикус
_d2016
215 _a252, [2] с.
_d18
225 1 _aАзбука-Классика
333 _a12+
686 1 _aШ6(4Вл)57-445{Лх1297-62}
700 1 _7ca
_8rus
_aДойл
_bА. К.
_f1859-1930
_gАртур Конан
_9113265
_3RU\NLR\AUTH\773259
942 _cBOOK
980 _aNB